000 01773cam a2200373I 4500
001 legendofholyfina00joan
003 CaSfIA
005 20210118163619.0
007 cr||||
008 750404s1966 nyuf 000 0 eng
010 _a 66025699
040 _aDLC
_cOUN
_dSER
_dOCL
_dWSU
_dOCL
_dOCLCG
_dSTF
_dOCLCQ
_dAAA
_dCaSfIA
019 _a172339
_a175055
_a352002
035 _a(OCoLC)1252303
_z(OCoLC)172339
_z(OCoLC)175055
_z(OCoLC)352002
041 1 _aengita
_hita
050 0 4 _aPQ4472
_b.J58 1966
082 0 _a858/.1/08
100 0 _aJoannes de Sancto Geminiano,
_dfl., 1296-1332.
245 1 4 _aThe legend of the Holy Fina, Virgin of Santo Gimignano.
_h[electronic resource]
_bNow first translated from the trecento Italian of Fra Giovanni di Coppo.
_cWith introd. and notes by M. Mansfield.
260 _aNew York,
_bCooper Square Publishers,
_c1966.
300 _axlv, 127 p.
_b6 plates.
_c17 cm.
490 0 _aThe Medieval Library
500 _aEnglish and Italian.
530 _aAlso issued online.
600 0 0 _aSeraphina,
_cSaint,
_d1238-1253.
700 0 _aSeraphina,
_cSaint,
_d1238-1253.
700 1 _aMansfield, Mildred Mary Blancke,
_d1862-1938,
_etr.
856 4 1 _uhttp://www.archive.org/details/legendofholyfina00joan
_zFree eBook from the Internet Archive
856 4 2 _uhttp://www.openlibrary.org/books/OL14117902M
_zAdditional information and access via Open Library
029 1 _aAU@
_b000009242462
942 _cEB
506 _fНеобхідна авторизація на https://archive.org/ (створення облікового запису безкоштовно)
506 _fНеобхідна авторизація на https://openlibrary.org/ (створення облікового запису безкоштовно)
999 _c517890
_d517890